000 00691nam a2200205 i 4500
001 110540
003 ES-MaACL
005 20250917063044.0
007 t|
008 070130q18501899fr ||||1| fre d
080 _a821.133.1-2"18"
100 1 _aDaudet, Alphonse,
_d1840-1897
_942799
245 1 2 _aL'Arlésienne
_b: pièce en trois actes et cinq tableaux /
_cAlphonse Daudet ; avec symphonies et choeurs de G. Bizet.
260 _aParis :
_bAlphonse Lemerre,
_c[18-?]
300 _a103 p. ;
_c19 cm.
500 _aBiblioteca Jacinto Martínez Lacalle.
700 1 _aBizet, Georges,
_d1838-1875
_9240503
852 _aES-MaACL
_jE-11567
_bR.139582
999 _c110540
_d110540